| 000 | 01893cam a2200397 a 4500 | ||
|---|---|---|---|
| 001 | 17250847 | ||
| 003 | NUST | ||
| 005 | 20221213174305.0 | ||
| 008 | 120411s2012 nyua b 001 0 eng d | ||
| 010 | _a 2011277495 | ||
| 020 | _a9780199739394 | ||
| 020 | _a0199739390 | ||
| 035 | _a(OCoLC)ocn754720537 | ||
| 040 |
_aBTCTA _beng _cBTCTA _dYDXCP _dVKC _dIMR _dBDX _dJAO _dMEA _dVP@ _dTWC _dE7B _dDLC |
||
| 042 | _alccopycat | ||
| 043 | _ad------ | ||
| 050 | 0 | 0 |
_aJA71 _b.K837 2012 |
| 082 | 0 | 4 |
_a303.482,KUP _223 |
| 100 | 1 |
_aKupchan, Charles. _9104780 |
|
| 245 | 1 | 0 |
_aNo one's world : _bthe West, the rising rest, and the coming global turn / _cChales A. Kupchan. |
| 260 |
_aNew York : _bOxford University Press, _cc2012. |
||
| 300 |
_axii, 258 p. : _bill. ; _c25 cm. |
||
| 505 | _aThe Turn (Page-1), The Rise of the West (Page-13), The Last Turn: the West Bests the Rest (Page-46), The Next Turn: the rise of the Rest (Page-74), Alternative to the Western Way (Page-86), Reviving the West (Page-146), Managing No ONe;s World (Page-182). | ||
| 650 | 0 |
_aPolitical science. _9335 |
|
| 650 | 0 | _aGlobalization. | |
| 650 | 0 | _aInternational relations. | |
| 651 | 0 |
_aDeveloping countries _xEconomic integration. _9104781 |
|
| 856 | 4 | 0 |
_uhttp://site.ebrary.com/id/10530647 _3ebrary |
| 856 | 4 | 2 |
_3Contributor biographical information _uhttp://www.loc.gov/catdir/enhancements/fy1212/2011277495-b.html |
| 856 | 4 | 2 |
_3Publisher description _uhttp://www.loc.gov/catdir/enhancements/fy1212/2011277495-d.html |
| 856 | 4 | 1 |
_3Table of contents only _uhttp://www.loc.gov/catdir/enhancements/fy1212/2011277495-t.html |
| 856 | 4 | 2 |
_3Book review (H-Net) _uhttp://www.h-net.org/reviews/showrev.php?id=41386 |
| 856 | 4 | 2 |
_3Book review (H-Net) _uhttp://www.h-net.org/reviews/showrev.php?id=41387 |
| 856 | 4 | 2 |
_3Book review (H-Net) _uhttp://www.h-net.org/reviews/showrev.php?id=41388 |
| 942 |
_2ddc _cBK _k303.482,KUP |
||
| 999 |
_c592679 _d592679 |
||